Ekonomický zisk, jeho vymedzenie a možnosti aplikácie v praxi

Stanovenie výpočtu výsledku hospodárenia podľa právnej úpravy SR pre podniky. Ekonomický zisk, jeho teoretické vymedzenie a následne možnosti aplikovania v praxi. Ukazovateľ ekonomickej pridanej hodnoty EVA.

Gespeichert in:
Bibliographische Detailangaben
1. Verfasser: Smorada, Marián, 1984-
Weitere Verfasser: Šrenkel, Ľudovít
Format: Buchkapitel
Sprache:Slowakisch
Schlagworte:
Tags: Tag hinzufügen
Keine Tags, Fügen Sie das erste Tag hinzu!

MARC

LEADER 00000nla$a2200000$$$4500
001 0124759
005 20240502072420.3
041 0 |a slo 
044 |a SK 
245 1 0 |a Ekonomický zisk, jeho vymedzenie a možnosti aplikácie v praxi  |c Marián Smorada, Ľudovít Šrenkel 
520 |a Stanovenie výpočtu výsledku hospodárenia podľa právnej úpravy SR pre podniky. Ekonomický zisk, jeho teoretické vymedzenie a následne možnosti aplikovania v praxi. Ukazovateľ ekonomickej pridanej hodnoty EVA. 
610 2 0 |a podnik 
610 2 0 |a hospodárenie podnikové 
610 2 0 |a financie podnikové 
610 2 0 |a ukazovatele ekonomické 
610 2 0 |a ukazovateľ EVA 
610 2 0 |a hodnota pridaná ekonomická 
610 2 0 |a zisk podnikateľský 
610 2 0 |a výsledok hospodársky 
100 1 |a Smorada, Marián, 1984- 
700 1 |a Šrenkel, Ľudovít